Le festin lu : Le repas chez Flaubert, Zola et Huysmans

Bewaard in:
Bibliografische gegevens
Hoofdauteur: Sicotte, Geneviève
Formaat: Boek
Taal:Undetermined
Gepubliceerd in: Canada Liber 1999
Onderwerpen:
Tags: Voeg label toe
Geen labels, Wees de eerste die dit record labelt!
Thư viện lưu trữ: Trung tâm Học liệu Trường Đại học Cần Thơ
LEADER 00598nam a2200217Ia 4500
001 CTU_41299
008 210402s9999 xx 000 0 und d
082 |a 840.9 
082 |b S567 
100 |a Sicotte, Geneviève 
245 0 |a Le festin lu : 
245 0 |b Le repas chez Flaubert, Zola et Huysmans 
245 0 |c Geneviève Sicotte 
260 |a Canada 
260 |b Liber 
260 |c 1999 
650 |a French literature 
650 |x History and criticism 
650 |y 18th century 
904 |i Nguyễn Quang Điền 
980 |a Trung tâm Học liệu Trường Đại học Cần Thơ